Statistiques concernant Allez le plus vite possible Clicker sur vrai ou faux

Cliquez ici pour prendre le quiz!

Statistiques générales

  • Ce quiz a été pris 205 fois
  • Le résultat moyen est 6 sur 15

Statistiques - réponses

HintRéponse% Correct
tu est beauvrai
79%
tu est laidfaux
72%
tu as un belle avenirvrai
56%
ses pas vraifaux
47%
tu va bientot grandirfaux
45%
ses fauxfaux
44%
tu perd tu ton tempsfaux
40%
tu es a 8 questionvrai
36%
ses vraivrai
34%
5 seconde restantevrai
31%
tu es a 9 questionfaux
29%
bientotvrai
25%
c'est finivrai
25%
2 restantefaux
11%
je taimefaux
9%

Distribution des résultats

Percentile par nombre de réponses

% des personnes avec chaque résultat

Votre développement - résultats

Vous n’avez pas pris ce quiz